000 00337nam a2200121Ia 4500
008 210430s9999 xx 000 0 und d
082 _a320.3 C728 C
100 _aGabriel A Almond
245 _aComparative politics today
_cGabriel A Almond
260 _aIslamabad
_bNational book foundation
_c2007
300 _a808p.
942 _cBK
_2ddc
999 _c562414
_d562414